| 000 | 00546nam a2200181 4500 | ||
|---|---|---|---|
| 001 | 35511 | ||
| 003 | 00 | ||
| 005 | 20220829164815.0 | ||
| 007 | 00 | ||
| 008 | 00 | ||
| 020 | _a0-7352-0272-9 | ||
| 040 | _c00 | ||
| 050 |
_a370.11'4 _b35511 |
||
| 245 |
_aA Cry For Character _bHow A Group Of Students Cleaned Up Their Rowdy School And Spawned A Wildfire Antidote To The Columbine Effect _cMatera, Dary |
||
| 260 |
_aParamus _bPrentice Hall Press _c2001 |
||
| 300 | _a23.5cm | ||
| 942 |
_2ddc _cCIRC _h370311'4/MAT _i35511 |
||
| 999 |
_c15363 _d15361 |
||